Hope Against Hope/ (Record no. 188622)

MARC details
000 -LEADER
fixed length control field 00520nam a22001817a 4500
005 - DATE AND TIME OF LATEST TRANSACTION
control field 20220530112352.0
010 ## - LCCN (DPL NO)
LC control number ENG-132872
020 ## - INTERNATIONAL STANDARD BOOK NUMBER
International Standard Book Number 9789355993236
Terms of availability 450.00
035 ## - SYSTEM CONTROL NUMBER
System control number EN-116404
037 ## - SOURCE OF ACQUISITION
Source of stock number/acquisition DBAD/PUB
082 ## - DEWEY DECIMAL CLASSIFICATION NUMBER
Classification number N
Item number `
100 ## - MAIN ENTRY--PERSONAL NAME
Personal name Sharma, Vikas
245 ## - TITLE STATEMENT
Title Hope Against Hope/
Statement of responsibility, etc Vikas Sharma
260 ## - PUBLICATION, DISTRIBUTION, ETC. (IMPRINT)
Place of publication, distribution, etc New Delhi
Name of publisher, distributor, etc Diamond Pocket Books Pvt. Ltd
Date of publication, distribution, etc 2022
270 ## - ADDRESS
Address X-30, Okhla Industrial Area, Phase-II
City New Delhi
Postal code 110020
Electronic mail address sales@dpb.in
300 ## - PHYSICAL DESCRIPTION
Extent 187p.
Dimensions 22cm(hbk)
942 ## - ADDED ENTRY ELEMENTS (KOHA)
Source of classification or shelving scheme Dewey Decimal Classification
Item type English Books
Classification part N
Call number suffix SHA
Holdings
Withdrawn status Lost status Not for loan Collection code Home library Current library Date acquired Source of acquisition Cost, normal purchase price Full call number Barcode Copy number Cost, replacement price Koha item type
      Non-fiction Patel Nagar Patel Nagar 30/05/2022 DBAD/PUB 450.00 N SHA EN-116404 1 450.00 English Books

© Delhi Public Library
Hit Counter
free hit counter